<?xml version="1.0" encoding="UTF-8"?>
<record
    xmlns:xsi="http://www.w3.org/2001/XMLSchema-instance"
    xsi:schemaLocation="http://www.loc.gov/MARC21/slim http://www.loc.gov/standards/marcxml/schema/MARC21slim.xsd"
    xmlns="http://www.loc.gov/MARC21/slim">

  <leader>01110cam a22003018i 4500</leader>
  <controlfield tag="001">23034918</controlfield>
  <controlfield tag="003">OSt</controlfield>
  <controlfield tag="005">20230926132818.0</controlfield>
  <controlfield tag="008">230325s2023    enk      b    000 0 eng  </controlfield>
  <datafield tag="020" ind1=" " ind2=" ">
    <subfield code="a">9781032427904 (hardcover)</subfield>
  </datafield>
  <datafield tag="024" ind1=" " ind2=" ">
    <subfield code="c">USD 165</subfield>
  </datafield>
  <datafield tag="040" ind1=" " ind2=" ">
    <subfield code="a">NUST</subfield>
    <subfield code="b">eng</subfield>
    <subfield code="e">rda</subfield>
    <subfield code="c">NUST</subfield>
    <subfield code="d">NUST</subfield>
  </datafield>
  <datafield tag="050" ind1="0" ind2="0">
    <subfield code="a">HD9715.A2 MOY</subfield>
  </datafield>
  <datafield tag="100" ind1="1" ind2=" ">
    <subfield code="e">Author.</subfield>
    <subfield code="q">Moyo Tirivavi</subfield>
  </datafield>
  <datafield tag="245" ind1="1" ind2="0">
    <subfield code="a">Unpacking the decent work agenda in construction operations for developing countries /</subfield>
    <subfield code="c">Tirivavi Moyo</subfield>
  </datafield>
  <datafield tag="260" ind1=" " ind2=" ">
    <subfield code="a">Oxon:</subfield>
    <subfield code="b">Routledge,</subfield>
    <subfield code="c">2023.</subfield>
  </datafield>
  <datafield tag="300" ind1=" " ind2=" ">
    <subfield code="a">xv, 114 pages:</subfield>
    <subfield code="c">24 cm.</subfield>
    <subfield code="b">illustrations;</subfield>
  </datafield>
  <datafield tag="336" ind1=" " ind2=" ">
    <subfield code="a">text</subfield>
    <subfield code="b">txt</subfield>
    <subfield code="2">rdacontent</subfield>
  </datafield>
  <datafield tag="337" ind1=" " ind2=" ">
    <subfield code="a">unmediated</subfield>
    <subfield code="b">n</subfield>
    <subfield code="2">rdamedia</subfield>
  </datafield>
  <datafield tag="338" ind1=" " ind2=" ">
    <subfield code="a">volume</subfield>
    <subfield code="b">nc</subfield>
    <subfield code="2">rdacarrier</subfield>
  </datafield>
  <datafield tag="504" ind1=" " ind2=" ">
    <subfield code="a">Includes bibliographical references and Index.</subfield>
  </datafield>
  <datafield tag="650" ind1=" " ind2="0">
    <subfield code="a">Construction industry</subfield>
    <subfield code="x">Labor productivity</subfield>
    <subfield code="z">Developing countries.</subfield>
  </datafield>
  <datafield tag="650" ind1=" " ind2="0">
    <subfield code="a">Construction industry</subfield>
    <subfield code="x">Personnel management.</subfield>
  </datafield>
  <datafield tag="650" ind1=" " ind2="0">
    <subfield code="a">Construction workers</subfield>
    <subfield code="x">Employment</subfield>
    <subfield code="z">Developing countries.</subfield>
  </datafield>
  <datafield tag="700" ind1="1" ind2=" ">
    <subfield code="a">Crafford, Gerrit,</subfield>
    <subfield code="e">Author.</subfield>
  </datafield>
  <datafield tag="700" ind1="1" ind2=" ">
    <subfield code="a">Emuze, Fidelis,</subfield>
    <subfield code="e">Author.</subfield>
  </datafield>
  <datafield tag="942" ind1=" " ind2=" ">
    <subfield code="2">lcc</subfield>
    <subfield code="c">BOOKS</subfield>
    <subfield code="h">HD9715.A2</subfield>
    <subfield code="k">HD</subfield>
    <subfield code="m">MOY</subfield>
    <subfield code="n">0</subfield>
    <subfield code="0">1</subfield>
  </datafield>
  <datafield tag="999" ind1=" " ind2=" ">
    <subfield code="c">170489</subfield>
    <subfield code="d">170489</subfield>
  </datafield>
  <datafield tag="952" ind1=" " ind2=" ">
    <subfield code="0">0</subfield>
    <subfield code="1">0</subfield>
    <subfield code="4">0</subfield>
    <subfield code="7">0</subfield>
    <subfield code="8">NFIC</subfield>
    <subfield code="a">Main</subfield>
    <subfield code="b">FOBE</subfield>
    <subfield code="c">GEN</subfield>
    <subfield code="d">2023-09-22</subfield>
    <subfield code="l">1</subfield>
    <subfield code="o">HD9715.A2 MOY</subfield>
    <subfield code="p">92004053949</subfield>
    <subfield code="r">2023-10-10 00:00:00</subfield>
    <subfield code="s">2023-09-26</subfield>
    <subfield code="t">60938</subfield>
    <subfield code="w">2023-09-22</subfield>
    <subfield code="y">Books</subfield>
  </datafield>
</record>
